000 00826nam a22002417a 4500
003 NALT
005 20251125233005.0
008 s2536 th tha d
040 _aNALT
041 _atha
090 _aKS 44.3
_bส886ร 2536
110 2 _aสูตรไพศาล
_94686
245 1 0 _a108 คดีละเมิด /
_cสูตรไพศาล.
260 _aกรุงเทพฯ :
_bสูตรไพศาล,
_c2536
300 _a358 หน้า ;
_c26 ซม.
610 _aสูตรไพศาล
650 0 4 _aคดีละเมิด
650 0 4 _aคดีละเมิด
850 _aNALT
856 4 0 _uhttps://hdl.handle.net/20.500.14156/301767
942 _cLB
_2local
999 _c48068
_d48068
998 _j109
_k นางสาวอารีรัตน์ วิชาช่าง